000 00480nam a2200145Ia 4500
008 220216s9999 xx 000 0 und d
100 _aMaenmeun Suchin
245 0 _aUltimate aspect of rubber central market roles in Thailand
260 _bIRRDB Symposium: Challenges for Natural Rubber in Globalization, 15-17 September 2003, Ching Mai, Thailand
650 _aRubber market
650 _aThailand
700 _aKunalasiri Anek
700 _aSrikirinmart Somjit
942 _cJS
999 _c71710
_d71710